are you a stranger things fan? - Statistics

General Stats
  • This quiz has been taken 947 times
  • The average score is 9 of 10
Answer Stats
Question Answer % Correct
what is eleven's saying? friends don't lie
98%
where does hopper "die"? russians base
97%
what power does eleven have? telekinises
96%
what does lucas and mike say while she's spying on them with a blindfold? girl's are a diffrent species
95%
what flavor slurpee does alexi want? cherry
94%
where does steve work? scoops ahoy
93%
who does billy flay? heather
92%
CONGRATULATIONS YOU MADE IT!!!!!!!!!!!!!!! <---press to end
89%
how do they find out if billy's been flayed? sauna
84%
what is elevens grandfathers name? dr brenner
50%
No matching quizzes found
Score Distribution
Percent of People with Each Score
Percentile by Number Answered
Your Score History
You have not taken this quiz